Statistics for Random U.S. Vice President to President

Click here to take the quiz!

General Stats

  • This quiz has been taken 18,211 times
    (17,339 since last reset)
  • The average score is 5 of 10

Answer Stats

Vice PresidentPresident% Correct
Joe BidenBarack Obama
99%
Kamala HarrisJoe Biden
97%
Mike PenceDonald Trump
96%
Al GoreBill Clinton
95%
Dick CheneyGeorge W. Bush
93%
George H. W. BushRonald Reagan
93%
Lyndon JohnsonJohn F. Kennedy
92%
Gerald FordRichard Nixon
92%
John AdamsGeorge Washington
90%
Thomas JeffersonJohn Adams
90%
Harry TrumanFranklin Roosevelt
87%
Richard NixonDwight Eisenhower
83%
Dan QuayleGeorge H. W. Bush
79%
Spiro AgnewRichard Nixon
72%
Andrew JohnsonAbraham Lincoln
70%
Walter MondaleJimmy Carter
70%
Aaron BurrThomas Jefferson
70%
Theodore RooseveltWilliam McKinley
58%
Martin Van BurenAndrew Jackson
57%
Calvin CoolidgeWarren Harding
56%
Hubert HumphreyLyndon Johnson
50%
Nelson RockefellerGerald Ford
48%
John TylerWilliam Henry Harrison
48%
Chester ArthurJames Garfield
47%
Millard FillmoreZachary Taylor
45%
John CalhounJohn Quincy Adams /
Andrew Jackson
38%
Henry WallaceFranklin Roosevelt
34%
George ClintonThomas Jefferson /
James Madison
30%
Hannibal HamlinAbraham Lincoln
28%
John Nance GarnerFranklin Roosevelt
28%
John BreckinridgeJames Buchanan
23%
Elbridge GerryJames Madison
22%
Charles FairbanksTheodore Roosevelt
22%
Charles DawesCalvin Coolidge
19%
Alben BarkleyHarry Truman
18%
Schuyler ColfaxUlysses S. Grant
18%
William KingFranklin Pierce
17%
Charles CurtisHerbert Hoover
17%
Thomas MarshallWoodrow Wilson
17%
Adlai E. StevensonGrover Cleveland
15%
George DallasJames K. Polk
14%
Daniel TompkinsJames Monroe
14%
Henry WilsonUlysses S. Grant
14%
William WheelerRutherford B. Hayes
13%
James S. ShermanWilliam Taft
13%
Thomas HendricksGrover Cleveland
11%
Richard M. JohnsonMartin Van Buren
11%
Levi MortonBenjamin Harrison
10%
Garret HobartWilliam McKinley
10%

Score Distribution

Percentile by Number Answered

Percent of People with Each Score

Your Score History

You have not taken this quiz since the last reset